Statistiche per Tutti i comuni della provincia di Lecco

Clicka qui per fare il quiz!

Statistiche generali

  • Questo quiz è stato fatto 37 volte
  • Il punteggio medio è 34 su 84

Statistiche sulle risposte

PosizioneCittàPopolazione% Corretto
1Lecco47.060
100%
3Calolziocorte13.481
96%
6Mandello del Lario10.022
96%
34Abbadia Lariana3.198
78%
10Colico8.020
78%
2Merate14.665
74%
11Olginate6.935
74%
72Varenna723
74%
28Civate3.708
70%
25Ballabio4.139
65%
31Bellano3.418
65%
43Dervio2.582
65%
5Valmadrera11.146
65%
58Introbio1.909
61%
7Oggiono9.059
61%
54Pescate2.142
61%
65Barzio1.260
57%
53Lierna2.161
57%
17Barzanò4.990
52%
71Esino Lario759
52%
23Malgrate4.295
52%
12Olgiate Molgora6.361
48%
52Premana2.174
48%
50Annone di Brianza2.279
43%
47Barzago2.413
43%
33Bosisio Parini3.295
43%
15Calco5.351
43%
4Casatenovo13.152
43%
68Cortenova1.142
43%
9Galbiate8.451
43%
41Garlate2.664
43%
30Molteno3.524
43%
19Osnago4.734
43%
57Pasturo1.939
43%
51Primaluna2.240
43%
70Casargo837
39%
75Cassina Valsassina528
39%
78Margno376
39%
29Nibionno3.603
39%
39Vercurago2.726
39%
21Brivio4.448
35%
36Bulciago2.866
35%
42Castello di Brianza2.604
35%
55Santa Maria Hoè2.127
35%
38Sirtori2.772
35%
74Taceno539
35%
32Valgreghentino3.396
35%
37Airuno2.835
30%
48Cesana Brianza2.382
30%
73Erve686
30%
44Garbagnate Monastero2.526
30%
8Missaglia8.750
30%
77Moggio467
30%
24Monticello Brianza4.160
30%
67Oliveto Lario1.193
30%
35Rogeno3.059
30%
61
Suello1.763
30%
56Viganò2.091
30%
27Cernusco Lombardone3.808
26%
60Colle Brianza1.763
26%
18Costa Masnaga4.753
26%
45Dolzago2.512
26%
20La Valletta Brianza4.674
26%
69Perledo861
26%
13Robbiate6.245
26%
64Carenno1.375
22%
63Cremeno1.653
22%
46Imbersago2.478
22%
40Montevecchia2.674
22%
26Paderno d'Adda3.854
22%
79Pagnona326
22%
83Parlasco136
22%
49Sirone2.306
22%
14Verderio5.502
22%
22Cassago Brianza4.358
17%
62Cremella1.674
17%
80Dorio323
17%
66Ello1.209
17%
16Lomagna5.021
17%
59Monte Marenzo1.860
17%
84Monterone31
17%
82Sueglio138
17%
76Valvarrone507
13%
81Crandola Valvassina269
0%

Distribuzione punteggi

Percentile per numero di risposta

Percentuale di utenti per punteggio

I tuoi punteggi nel tempo

Non hai fatto questo quiz